| 000 | 00412nam a2200181Ia 4500 | ||
|---|---|---|---|
| 001 | 19623 | ||
| 005 | 20260306172706.0 | ||
| 008 | 260306t2011||||xx |||||||||||||| ||spa|| | ||
| 041 | _aESP | ||
| 082 |
_a340.92 _bE391 |
||
| 100 |
_aEvans, Virginia _eAUT |
||
| 245 | 0 | _aCareer paths - law | |
| 260 | _c2011 | ||
| 300 |
_avarias paginaciones _c |
||
| 650 | _aGEN | ||
| 654 | _aCDE | ||
| 942 |
_cLIB _dJUS _fJUS _2ddc _n |
||
| 999 |
_c19623 _d19623 |
||